| 000 | 00677nam a2200229 u 4500 | ||
|---|---|---|---|
| 005 | 20240924071313.0 | ||
| 008 | 160608s2012 r 000 0 eng d | ||
| 020 | _a9786071608062 | ||
| 035 | _aUPN01000211245 | ||
| 049 | _aI | ||
| 050 | 4 |
_aPZ7 _bJ4.2 |
|
| 100 | 1 |
_aJeffers, Oliver, _d1977- _933690 |
|
| 245 | 1 | 0 |
_aAtrapados / _cOliver Jeffers ; tr. Mariana Mendia |
| 260 |
_aMéxico : _bFCE, _c2012. |
||
| 300 |
_a[32] p. : _bil. col. |
||
| 440 | 0 | _aLos especiales de A la orilla del viento | |
| 534 |
_pTítulo original: _tStuck |
||
| 650 | 4 |
_aLiteratura infantil _94445 |
|
| 650 | 7 |
_aLibros ilustrados para niños _2 _921365 |
|
| 905 | _aInfantil | ||
| 999 |
_c183346 _d183346 |
||